000
00251nam a2200109Ia 4500
008
190912s9999||||xx |||||||||||||| ||und||
100
_a
M. Ahsan Farooqi
245
0
_a
Sangum
260
_a
Karachi
_b
Lubna Publications
_c
1971
300
_a
264
942
_c
BK
999
_c
7176
_d
7176